000 00341nam a2200133Ia 4500
008 190723s9999 xx 000 0 und d
020 _a978-0-07-177534-2
100 _aStan Gibilisco
245 0 _aElectricity DeMyStified hard Stuff made easy
250 _a2rd
260 _aNew Delhi
_bMCGraw Hill
_c2012
300 _a369
942 _cBK
999 _c1360
_d1360